<?xml version="1.0" encoding="UTF-8"?>
<record
    xmlns:xsi="http://www.w3.org/2001/XMLSchema-instance"
    xsi:schemaLocation="http://www.loc.gov/MARC21/slim http://www.loc.gov/standards/marcxml/schema/MARC21slim.xsd"
    xmlns="http://www.loc.gov/MARC21/slim">

  <leader>00482    a2200169   4500</leader>
  <datafield tag="020" ind1=" " ind2=" ">
    <subfield code="a">0-201-07199-1</subfield>
  </datafield>
  <datafield tag="040" ind1=" " ind2=" ">
    <subfield code="a">DLC</subfield>
    <subfield code="b">DLC</subfield>
  </datafield>
  <datafield tag="100" ind1="1" ind2=" ">
    <subfield code="a">Sears, Francis Weston,</subfield>
  </datafield>
  <datafield tag="245" ind1="0" ind2="0">
    <subfield code="a">University physics </subfield>
    <subfield code="c">Francis W. Sears, Mark W. Zemansjy, Hugh D. Young</subfield>
  </datafield>
  <datafield tag="250" ind1=" " ind2=" ">
    <subfield code="a">6. ed.</subfield>
  </datafield>
  <datafield tag="260" ind1=" " ind2=" ">
    <subfield code="a">Reading, Mass.,</subfield>
    <subfield code="c">1982</subfield>
  </datafield>
  <datafield tag="300" ind1=" " ind2=" ">
    <subfield code="a">300 s.</subfield>
  </datafield>
  <datafield tag="440" ind1=" " ind2="0">
    <subfield code="a">Addison-Wesley series in physics,</subfield>
  </datafield>
  <datafield tag="700" ind1="1" ind2=" ">
    <subfield code="a">Zemansky, Mark W.</subfield>
    <subfield code="4">oth</subfield>
  </datafield>
  <datafield tag="700" ind1="1" ind2=" ">
    <subfield code="a">Young, Hugh D.,</subfield>
    <subfield code="d">1930-</subfield>
    <subfield code="4">oth</subfield>
  </datafield>
  <datafield tag="942" ind1=" " ind2=" ">
    <subfield code="c">BK</subfield>
    <subfield code="k">530 SEA</subfield>
    <subfield code="2">ddc</subfield>
  </datafield>
  <datafield tag="999" ind1=" " ind2=" ">
    <subfield code="c">4492</subfield>
    <subfield code="d">4492</subfield>
  </datafield>
  <datafield tag="952" ind1=" " ind2=" ">
    <subfield code="0">0</subfield>
    <subfield code="1">0</subfield>
    <subfield code="4">0</subfield>
    <subfield code="7">0</subfield>
    <subfield code="8">NFIC</subfield>
    <subfield code="a">CL</subfield>
    <subfield code="b">CL</subfield>
    <subfield code="c">GEN</subfield>
    <subfield code="d">2005-05-05</subfield>
    <subfield code="e">Allied Book Company</subfield>
    <subfield code="g">550.12</subfield>
    <subfield code="l">4</subfield>
    <subfield code="m">1</subfield>
    <subfield code="o">530 SEA</subfield>
    <subfield code="p">SEECS005646</subfield>
    <subfield code="q">2022-11-20</subfield>
    <subfield code="r">2022-09-13</subfield>
    <subfield code="s">2022-09-13</subfield>
    <subfield code="w">2017-01-05</subfield>
    <subfield code="y">BK</subfield>
  </datafield>
  <datafield tag="952" ind1=" " ind2=" ">
    <subfield code="0">0</subfield>
    <subfield code="1">0</subfield>
    <subfield code="4">0</subfield>
    <subfield code="7">0</subfield>
    <subfield code="8">NFIC</subfield>
    <subfield code="a">CL</subfield>
    <subfield code="b">CL</subfield>
    <subfield code="c">GEN</subfield>
    <subfield code="d">2003-01-18</subfield>
    <subfield code="e">Pak Book Corporation</subfield>
    <subfield code="g">532.88</subfield>
    <subfield code="l">1</subfield>
    <subfield code="o">530 SEA</subfield>
    <subfield code="p">SEECS002973</subfield>
    <subfield code="r">2022-01-14</subfield>
    <subfield code="s">2021-12-04</subfield>
    <subfield code="w">2017-01-05</subfield>
    <subfield code="y">BK</subfield>
  </datafield>
  <datafield tag="952" ind1=" " ind2=" ">
    <subfield code="0">0</subfield>
    <subfield code="1">0</subfield>
    <subfield code="2">ddc</subfield>
    <subfield code="4">0</subfield>
    <subfield code="7">0</subfield>
    <subfield code="a">NQC</subfield>
    <subfield code="b">NQC</subfield>
    <subfield code="c">GEN</subfield>
    <subfield code="d">2025-11-17</subfield>
    <subfield code="l">0</subfield>
    <subfield code="p">QD-92</subfield>
    <subfield code="r">2025-11-17</subfield>
    <subfield code="w">2025-11-17</subfield>
    <subfield code="y">BK</subfield>
  </datafield>
</record>
